| 000 | 00537nam a2200145Ia 4500 | ||
|---|---|---|---|
| 008 | 171212s9999 xx 000 0 und d | ||
| 020 | _a9781501703188 | ||
| 100 | _aRindzeviciute, Egle | ||
| 245 |
_cRindzeviciute, Egle _aThe Power of Systems _bHow Policy Sciences Opened Up the Cold War World |
||
| 260 |
_bCornell University Press _c2016 |
||
| 440 | _aCornell Studies in Classical Philology | ||
| 650 | _aHistory | ||
| 650 | _aPolicy sciences; Political science -- Methodology | ||
| 856 | _uhttp://jstor.org/stable/10.7591/j.ctt1d2dmw5 | ||
| 999 |
_c351460 _d351460 |
||